| 000 | 01396cab a2200253 4500 | ||
|---|---|---|---|
| 001 | ABS67988 | ||
| 008 | 040714n2004 000 0 eng u | ||
| 035 | _a(Sirsi) u126774 | ||
| 100 | _aJackman, P. | ||
| 245 | _aSchool of thought | ||
| 260 | _c2004 | ||
| 490 |
_aFire Engineers' Journal _v64(246) July 2004, 36-37(2) |
||
| 520 | _aReports on the forthcoming publication of new guidance on school design in England and Wales. Until 2001 schools were designated as crown property and exempt from the Building Regulations. Draft BB100 "Designing and managing against the risk of fire in schools", is now out to limited public consultation prior to publication. It is based upon providing a solution founded on the assessment of fire risk across a range of school building uses and provides guidance on a prescriptive basis. The need for changes has been brought about by the increased use of school buildings by user groups outside normal school hours and users. The guide aims to cut down on arson attacks in schools, which destroys irreplaceable work as well as property. | ||
| 590 | _aABS | ||
| 650 | _aBB100 | ||
| 650 | _aFIRE PRECAUTIONS ACT 1971 | ||
| 650 | _aSCHOOL BUILDINGS | ||
| 650 | _aARSON | ||
| 650 | _aRISK ASSESSMENT | ||
| 650 | _aMANAGEMENT-HEALTH AND SAFETY-FIRE SAFETY | ||
| 690 | _aBUILT ENVIRONMENT-BUILDING STANDARDS | ||
| 700 | _aMorgan, P. | ||
| 942 | _n0 | ||
| 999 |
_c74456 _d74456 |
||